Statistics for 3 Largest cities in UK,US,Germany,France&Italy: start with C

Click here to take the quiz!

General Stats

  • This quiz has been taken 89 times
  • The average score is 6 of 14

Answer Stats

HintAnswer% Correct
USAChicago
87%
GermanyCologne
79%
UKCardiff
72%
USAColumbus
56%
ItalyCatania
52%
UKCoventry
51%
FranceCaen
43%
ItalyCagliari
43%
USACharlotte
43%
GermanyChemnitz
27%
FranceClermont-Ferrand
23%
UKChelmsford
18%
ItalyCesena
9%
FranceCreteil
1%

Score Distribution

Percentile by Number Answered

Percent of People with Each Score

Your Score History

You have not taken this quiz